[Event "Thessaloniki Vardaris op 7th"]
[Site "Thessaloniki"]
[Date "2024.03.18"]
[Round "7"]
[White "Loukopoulos, Panagiotis Athanasi"]
[Black "Bougas, Georgios"]
[Result "1-0"]
[WhiteElo "2094"]
[BlackElo "1901"]
[PlyCount "123"]
[EventDate "2024.03.14"]
[EventType "swiss"]
[EventRounds "7"]
[EventCountry "GRE"]
[SourceTitle "CB13_2024"]
[SourceDate "2024.03.27"]
[SourceVersion "1"]
[SourceVersionDate "2024.03.27"]
[SourceQuality "1"]

1. e4 c5 2. Nf3 e6 3. d4 cxd4 4. Nxd4 Nc6 5. Nb5 d6 6. c4 Nf6 7. N5c3 Be7 8. Be2 0-0 9. 0-0 b6 10. Bf4 Bb7 11. Re1 Rc8 12. Nd2 Qc7 13. Rc1 Qb8 14. a3 Rfd8 15. b4 Qa8 16. Bf1 h6 17. Bg3 a5 18. Rb1 axb4 19. axb4 Qb8 20. Na4 Qc7 21. f3 Ba8 22. Qb3 Nd7 23. Nc3 Nd4 24. Qb2 Bf6 25. Nb3 Nxb3 26. Qxb3 Bc6 27. Red1 e5 28. Bf2 Nf8 29. Nd5 Bxd5 30. cxd5 Ng6 31. Ba6 Ra8 32. Rdc1 Qd7 33. b5 Rdb8 34. Rc6 Bd8 35. Qb4 Bc7 36. Rbc1 Ra7 37. Qc3 Bd8 38. Bc8 Qe7 39. Bf5 Nf4 40. Kf1 g6 41. Bg4 h5 42. Bc8 Ra2 43. Rc2 Rxc2 44. Qxc2 g5 45. g3 Ng6 46. Bf5 Kg7 47. Qa2 Rb7 48. Qa3 Ra7 49. Qxd6 Qxd6 50. Rxd6 Ra1+ 51. Kg2 Be7 52. Rxb6 h4 53. Bxg6 fxg6 54. d6 Bf6 55. d7 Rd1 56. Rb7 Bd8 57. gxh4 Kf7 58. hxg5 Ke6 59. h4 Rd2 60. Kg3 Rd6 61. Bc5 Rd2 62. Bb6 1-0

[Event "GRE-ch U12"]
[Site "Peristeri"]
[Date "2023.07.08"]
[Round "8"]
[White "Bougas, Georgios"]
[Black "Pitsakis, Ilias"]
[Result "0-1"]
[WhiteElo "1773"]
[BlackElo "1730"]
[PlyCount "56"]
[EventDate "2023.07.03"]
[EventType "swiss"]
[EventRounds "9"]
[EventCountry "GRE"]
[SourceTitle "EXT 2024"]
[Source "ChessBase"]
[SourceDate "2023.10.10"]
[SourceVersion "1"]
[SourceVersionDate "2023.10.10"]
[SourceQuality "1"]

1. e4 c5 2. Nf3 d6 3. d4 cxd4 4. Nxd4 Nf6 5. Nc3 a6 6. Bg5 e6 7. f4 h6 8. Bh4 Qb6 9. Qd2 Qxb2 10. Rb1 Qa3 11. e5 dxe5 12. fxe5 Nfd7 13. Be2 Be7 14. Bg3 Qa5 15. 0-0 0-0 16. Nb3 Qb6+ 17. Kh1 Nc6 18. Qf4 Ncxe5 19. Ne4 f5 20. Ned2 Bg5 21. Qa4 Bxd2 22. Nxd2 Qe3 23. Nc4 Qxe2 24. Nxe5 Nxe5 25. Rfe1 Qg4 26. Rb4 f4 27. Bxf4 Nc6 28. Rbe4 b5 0-1

[Event "GRE-ch U12"]
[Site "Peristeri"]
[Date "2023.07.06"]
[Round "6"]
[White "Bougas, Georgios"]
[Black "Kountrias, Kosmas Ioannis"]
[Result "1-0"]
[WhiteElo "1773"]
[BlackElo "1476"]
[PlyCount "61"]
[EventDate "2023.07.03"]
[EventType "swiss"]
[EventRounds "9"]
[EventCountry "GRE"]
[SourceTitle "EXT 2024"]
[Source "ChessBase"]
[SourceDate "2023.10.10"]
[SourceVersion "1"]
[SourceVersionDate "2023.10.10"]
[SourceQuality "1"]

1. e4 c5 2. Nf3 e6 3. d4 cxd4 4. Nxd4 Nf6 5. Nc3 Nc6 6. a3 d6 7. Be3 Be7 8. Be2 0-0 9. Qd3 a6 10. 0-0-0 Qc7 11. f4 Nxd4 12. Bxd4 e5 13. Be3 b5 14. f5 Bb7 15. g4 Rfd8 16. Bf3 Rac8 17. Kb1 Nd7 18. g5 Nb6 19. g6 fxg6 20. fxg6 h6 21. Bg4 Rb8 22. Be6+ Kh8 23. Rhf1 Bf6 24. Rxf6 gxf6 25. Bxh6 Bc8 26. Qh3 Bxe6 27. Bg7+ Kxg7 28. Qh7+ Kf8 29. Qxc7 d5 30. exd5 Nxd5 31. Nxd5 1-0

[Event "GRE-ch U12"]
[Site "Thessaloniki"]
[Date "2022.08.19"]
[Round "3"]
[White "Bougas, Georgios"]
[Black "Stralis, Georgios"]
[Result "0-1"]
[WhiteElo "1590"]
[BlackElo "1432"]
[PlyCount "58"]
[EventDate "2022.08.18"]
[EventType "swiss"]
[EventRounds "9"]
[EventCountry "GRE"]
[SourceTitle "EXT 2023"]
[Source "ChessBase"]
[SourceDate "2022.10.05"]
[SourceVersion "1"]
[SourceVersionDate "2022.10.05"]
[SourceQuality "1"]

1. e4 c5 2. Nf3 Nc6 3. d4 cxd4 4. Nxd4 Nf6 5. Nc3 e5 6. Ndb5 d6 7. Bg5 a6 8. Na3 b5 9. Nd5 Be7 10. Bxf6 Bxf6 11. c4 b4 12. Nc2 a5 13. g3 Bg5 14. Bg2 Be6 15. 0-0 0-0 16. f4 Bf6 17. Qd3 Rc8 18. Nxf6+ gxf6 19. f5 Bxc4 20. Qxc4 Nd4 21. Qa6 Rxc2 22. b3 Qc7 23. Rfe1 Qc3 24. Qf1 Rc8 25. g4 h6 26. Kh1 Qd2 27. Rad1 Qg5 28. h3 Rxa2 29. Rc1 Rac2 0-1

[Event "GRE-chT 49th"]
[Site "Thessaloniki"]
[Date "2022.08.15"]
[Round "5.2"]
[White "Gkavardinas, Antonios"]
[Black "Bougas, Georgios"]
[Result "1-0"]
[WhiteElo "2170"]
[BlackElo "1590"]
[PlyCount "113"]
[EventDate "2022.08.12"]
[EventType "team-swiss"]
[EventRounds "7"]
[EventCountry "GRE"]
[SourceTitle "CBM 209 Extra"]
[Source "ChessBase"]
[SourceDate "2022.09.30"]
[SourceVersion "1"]
[SourceVersionDate "2022.09.30"]
[SourceQuality "1"]
[WhiteTeam "Evoiki ES"]
[BlackTeam "Amo Galaxias"]
[WhiteTeamCountry "GRE"]
[BlackTeamCountry "GRE"]

1. e4 c5 2. Nf3 e6 3. b3 d5 4. exd5 exd5 5. Bb5+ Nc6 6. 0-0 Nf6 7. d4 Be7 8. dxc5 Bxc5 9. Bb2 0-0 10. Nc3 a6 11. Bxc6 bxc6 12. Na4 Ba7 13. Bd4 Bg4 14. Bxa7 Bxf3 15. Qxf3 Rxa7 16. Rad1 Qa5 17. Rfe1 h6 18. Qc3 Qxc3 19. Nxc3 Rc7 20. Rd4 Rd8 21. Ra4 Ra7 22. Ra5 Kf8 23. Na4 Nd7 24. Nc5 Nxc5 25. Rxc5 Rd6 26. f3 Rc7 27. Kf2 Re6 28. Rd1 Rb7 29. Ra5 Ra7 30. Rd4 Rae7 31. c4 dxc4 32. Rxc4 Rd6 33. Rxa6 Rd2+ 34. Kg3 Ree2 35. Ra8+ Ke7 36. Re4+ Rxe4 37. fxe4 Rd3+ 38. Kf4 Rd2 39. Kf3 Rc2 40. h3 Rc3+ 41. Kf4 Rc2 42. g3 Rc3 43. h4 g6 44. Rb8 Rc2 45. a4 c5 46. Rb7+ Ke6 47. Rb6+ Ke7 48. Ke5 c4 49. Rb7+ Kf8 50. b4 c3 51. Rc7 Rc1 52. b5 c2 53. b6 Rb1 54. a5 Rb5+ 55. Kd6 Rxa5 56. Rxc2 Rb5 57. Kc7 1-0

[Event "GRE-ch U10"]
[Site "Patras"]
[Date "2021.09.05"]
[Round "9"]
[White "Papadopoulos, Ioannis K"]
[Black "Bougas, Georgios"]
[Result "0-1"]
[WhiteElo "2393"]
[BlackElo "1125"]
[PlyCount "102"]
[EventDate "2021.08.30"]
[EventType "swiss"]
[EventRounds "9"]
[EventCountry "GRE"]
[SourceTitle "EXT 2022"]
[Source "ChessBase"]
[SourceDate "2021.10.06"]
[SourceVersion "1"]
[SourceVersionDate "2021.10.06"]
[SourceQuality "1"]

1. e4 c5 2. Nf3 d6 3. c3 Nf6 4. Be2 g6 5. 0-0 Bg7 6. Re1 0-0 7. Bf1 Nc6 8. d4 cxd4 9. cxd4 Bg4 10. e5 dxe5 11. dxe5 Qxd1 12. Rxd1 Nxe5 13. Be2 Nxf3+ 14. gxf3 Bf5 15. Nc3 Rfd8 16. Be3 a6 17. Bb6 Rxd1+ 18. Rxd1 Rc8 19. Rd8+ Rxd8 20. Bxd8 e6 21. Na4 Nd7 22. b3 b5 23. Nb6 Nxb6 24. Bxb6 Bb1 25. a4 Ba2 26. axb5 axb5 27. Bxb5 Bxb3 28. Kf1 Be5 29. h3 Bc2 30. Be3 Bf5 31. Kg2 Kg7 32. Bc6 Bd3 33. Be4 Bc4 34. f4 Bc3 35. Kf3 Bd5 36. Bxd5 exd5 37. Ke2 d4 38. Bc1 Kh6 39. f5+ Kh5 40. fxg6 fxg6 41. Kf3 Kh4 42. Ke4 Kxh3 43. Kf3 Kh4 44. Ke4 Kg4 45. f3+ Kg3 46. Bh6 Kf2 47. Kf4 Bd2+ 48. Kg4 Bxh6 49. Kh3 Kxf3 50. Kh4 d3 51. Kh3 d2 0-1

[Event "EU-ch Amateur Online Final 2000/2300"]
[Site "Tornelo INT"]
[Date "2021.04.28"]
[Round "9"]
[White "Jarlskov, Daniel Tuk Hartso"]
[Black "Bougas, Georgios"]
[Result "1-0"]
[WhiteElo "1746"]
[BlackElo "1096"]
[PlyCount "71"]
[EventDate "2021.04.28"]
[EventType "swiss (rapid)"]
[EventRounds "9"]
[EventCountry "NET"]
[SourceTitle "EXT 2023"]
[Source "ChessBase"]
[SourceDate "2022.10.05"]
[SourceVersion "1"]
[SourceVersionDate "2022.10.05"]
[SourceQuality "1"]

1. c4 e6 2. Nc3 d5 3. d4 Nf6 4. Nf3 c6 5. Bf4 Bd6 6. Bg3 0-0 7. e3 Qe7 8. Bd3 Nbd7 9. Qc2 Re8 10. Ne5 Nf8 11. a3 a5 12. Ne2 Bxe5 13. dxe5 N6d7 14. e4 Ng6 15. f4 Nc5 16. exd5 exd5 17. cxd5 cxd5 18. 0-0 Nxd3 19. Qxd3 Rd8 20. Nd4 Bd7 21. Rae1 Rac8 22. f5 Nf8 23. f6 Qc5 24. Bf2 Qc4 25. Qg3 Ng6 26. h4 h5 27. Qg5 Bg4 28. e6 Kh7 29. fxg7 f5 30. Nxf5 Bxf5 31. Qxh5+ Kxg7 32. Qxf5 Rf8 33. Qg5 Qf4 34. Qxd5 Rcd8 35. Qxb7+ Kh8 36. e7 1-0

[Event "EU-ch Amateur Online Final 1700/2000"]
[Site "Tornelo INT"]
[Date "2021.04.25"]
[Round "9"]
[White "Bouska, Jiri"]
[Black "Bougas, Georgios"]
[Result "1/2-1/2"]
[WhiteElo "1804"]
[BlackElo "1096"]
[PlyCount "69"]
[EventDate "2021.04.25"]
[EventType "swiss (rapid)"]
[EventRounds "9"]
[EventCountry "NET"]
[SourceTitle "EXT 2023"]
[Source "ChessBase"]
[SourceDate "2022.10.05"]
[SourceVersion "1"]
[SourceVersionDate "2022.10.05"]
[SourceQuality "1"]

1. e4 e6 2. d4 d5 3. Nd2 c5 4. dxc5 Nf6 5. exd5 Qxd5 6. Ngf3 Bxc5 7. Bb5+ Bd7 8. Bxd7+ Nbxd7 9. 0-0 0-0 10. Nb3 Bb6 11. Bf4 Rfd8 12. Qxd5 Nxd5 13. Bg3 Rac8 14. c3 f6 15. Rad1 Nc5 16. Nxc5 Bxc5 17. Nd4 Bxd4 18. Rxd4 e5 19. Rd2 Ne7 20. Rfd1 Rxd2 21. Rxd2 Kf7 22. f3 Ke6 23. Bf2 a6 24. Kf1 Nc6 25. Bb6 Ne7 26. Bf2 h5 27. Ke2 Nd5 28. Bg3 g5 29. Ke1 h4 30. Bf2 Rc7 31. a3 Rd7 32. Bg1 Nf4 33. Rc2 b5 34. Be3 Nd5 35. Bf2 1/2-1/2

[Event "EU-ch Amateur Online 1700/2000"]
[Site "Tornelo INT"]
[Date "2021.04.24"]
[Round "2"]
[White "Bougas, Georgios"]
[Black "Babazade, Zhala Sharafaddin Q"]
[Result "0-1"]
[WhiteElo "1096"]
[BlackElo "1752"]
[PlyCount "86"]
[EventDate "2021.04.24"]
[EventType "swiss (rapid)"]
[EventRounds "8"]
[EventCountry "NET"]
[SourceTitle "EXT 2023"]
[Source "ChessBase"]
[SourceDate "2022.10.05"]
[SourceVersion "1"]
[SourceVersionDate "2022.10.05"]
[SourceQuality "1"]

1. d4 d5 2. c4 e6 3. Nc3 Nf6 4. cxd5 exd5 5. Bg5 Be7 6. e3 0-0 7. Bd3 h6 8. Bh4 b6 9. Qc2 Nbd7 10. Nge2 Bb7 11. 0-0 c5 12. dxc5 bxc5 13. Rad1 a6 14. Bf5 Qc7 15. Bg3 Qc6 16. Nf4 Nb6 17. f3 Rad8 18. Nd3 d4 19. Ne5 Qe8 20. exd4 cxd4 21. Ne4 Nh5 22. Rfe1 Nxg3 23. hxg3 Qb5 24. Kh1 Qxe5 25. Bh7+ Kh8 26. f4 Qh5+ 27. Kg1 Bb4 28. Rf1 f5 29. Nf2 Kxh7 30. Qc7 Qf7 31. Qxb6 a5 32. Nd3 Bd6 33. Ne5 Bxe5 34. fxe5 Qd5 35. Rf2 Ba8 36. e6 Rd6 37. Qc7 Rxe6 38. Qf4 d3 39. Rfd2 Qc5+ 40. Kh2 Re2 41. Rxe2 dxe2 42. Re1 Re8 43. Qd2 Qd5 0-1

[Event "EU-ch Amateur Online Final 1400/1700"]
[Site "Tornelo INT"]
[Date "2021.04.18"]
[Round "9"]
[White "Bougas, Georgios"]
[Black "Kanev, Evgeny"]
[Result "1-0"]
[WhiteElo "1096"]
[BlackElo "1593"]
[PlyCount "59"]
[EventDate "2021.04.18"]
[EventType "swiss (rapid)"]
[EventRounds "9"]
[EventCountry "NET"]
[SourceTitle "EXT 2023"]
[Source "ChessBase"]
[SourceDate "2022.10.05"]
[SourceVersion "1"]
[SourceVersionDate "2022.10.05"]
[SourceQuality "1"]

1. d4 Nf6 2. Nf3 g6 3. Bf4 Bg7 4. Nc3 d6 5. e4 0-0 6. Qd2 Nc6 7. 0-0-0 Ng4 8. h3 e5 9. hxg4 exf4 10. Qxf4 a6 11. Bc4 Na5 12. Bb3 Nxb3+ 13. axb3 c6 14. g5 f5 15. Qh2 Kf7 16. e5 d5 17. Qxh7 Rh8 18. e6+ Bxe6 19. Ne5+ Kf8 20. Nxg6+ Kf7 21. Nxh8+ Kf8 22. Ng6+ Kf7 23. Ne5+ Kf8 24. Qh4 Qa5 25. g6 Qa1+ 26. Nb1 a5 27. Rde1 a4 28. Nd7+ Bxd7 29. Qe7+ Kg8 30. Qf7# 1-0

[Event "EU-ch Amateur Online Final 1400/1700"]
[Site "Tornelo INT"]
[Date "2021.04.18"]
[Round "1"]
[White "Bougas, Georgios"]
[Black "Kodric, Gasper"]
[Result "1/2-1/2"]
[WhiteElo "1096"]
[BlackElo "1555"]
[PlyCount "87"]
[EventDate "2021.04.18"]
[EventType "swiss (rapid)"]
[EventRounds "9"]
[EventCountry "NET"]
[SourceTitle "EXT 2023"]
[Source "ChessBase"]
[SourceDate "2022.10.05"]
[SourceVersion "1"]
[SourceVersionDate "2022.10.05"]
[SourceQuality "1"]

1. d4 d5 2. c4 c6 3. Nc3 Nf6 4. cxd5 cxd5 5. Bf4 Nc6 6. e3 Bf5 7. Nf3 e6 8. Bb5 Bd6 9. Bxd6 Qxd6 10. 0-0 0-0 11. Rc1 Rfc8 12. Qe2 a6 13. Bd3 Bxd3 14. Qxd3 b5 15. b3 Rc7 16. a4 Nb4 17. Qd2 bxa4 18. bxa4 Rac8 19. Ne5 Nd7 20. Nxd7 Qxd7 21. Na2 Rxc1 22. Rxc1 Rxc1+ 23. Nxc1 Qxa4 24. g3 g6 25. Ne2 Qb3 26. Kg2 a5 27. Nc1 Qc2 28. Qe1 Qb1 29. Qc3 a4 30. Ne2 Qe4+ 31. f3 Qc2 32. Qxb4 Qxe2+ 33. Kh3 Qa2 34. Qb8+ Kg7 35. Qe5+ Kf8 36. Qd6+ Kg7 37. Qe5+ f6 38. Qc7+ Kh6 39. Qf4+ Kg7 40. Qc7+ Kf8 41. Qd8+ Kf7 42. Qd7+ Kg8 43. Qd8+ Kg7 44. Qc7+ 1/2-1/2